[Event "34 Open Vila de Sitges 2008"]
[Site "Sitges ESP"]
[Date "2008.07.24"]
[Round "3.5"]
[White "Rios Parra, Mauricio"]
[Black "Grigore, George-gabriel"]
[Result "0-1"]
[WhiteElo "2349"]
[BlackElo "2517"]
[PlyCount "45"]
[EventDate "2008.07.22"]
[EventType "swiss"]
[EventRounds "9"]
[EventCountry "ESP"]
[SourceTitle "Ajedrez en Madrid"]
[Source "lmi"]
[SourceDate "2008.07.23"]

1. e4 c5 2. Nf3 Nc6 3. d4 cxd4 4. Nxd4 e5 5. Nb5 d6 6. N1c3 a6 7. Na3 b5 8. Nd5
Nf6 9. Nxf6+ Qxf6 10. c4 Qg6 11. Qd5 Bb7 12. cxb5 Nd8 13. Qb3 Qxe4+ 14. Be3 d5
15. Nc2 a5 16. f3 Qg6 17. O-O-O a4 18. Qd3 Ne6 19. Qd2 d4 20. Bf2 Be7 21. Bg3
O-O 22. Kb1 Bg5 23. Qe1 0-1

[Event "34 Open Vila de Sitges 2008"]
[Site "Sitges ESP"]
[Date "2008.07.24"]
[Round "3.6"]
[White "Czakon, Jakub"]
[Black "Sermier, Guillaume"]
[Result "1/2-1/2"]
[WhiteElo "2510"]
[BlackElo "2366"]
[PlyCount "67"]
[EventDate "2008.07.22"]
[EventType "swiss"]
[EventRounds "9"]
[EventCountry "ESP"]
[SourceTitle "Ajedrez en Madrid"]
[Source "lmi"]
[SourceDate "2008.07.23"]

1. d4 d5 2. c4 c6 3. Nc3 Nf6 4. e3 a6 5. Nf3 b5 6. c5 g6 7. Bd3 Bg7 8. b4 a5 9.
bxa5 Rxa5 10. a4 bxa4 11. Rxa4 O-O 12. Bd2 Rxa4 13. Qxa4 Nfd7 14. O-O e5 15.
Ne1 Qh4 16. Nc2 exd4 17. exd4 Nf6 18. Qa7 Be6 19. f3 Nfd7 20. Ne2 Qf6 21. Ne3
Re8 22. Rb1 Bh6 23. Ng4 Bxg4 24. Bxh6 Bf5 25. Bxf5 gxf5 26. Bf4 Rxe2 27. Rxb8+
Nxb8 28. Qxb8+ Kg7 29. Kf1 Re6 30. Be5 Rxe5 31. dxe5 Qg5 32. Qd6 Qc1+ 33. Ke2
f4 34. Qf6+ 1/2-1/2

[Event "34 Open Vila de Sitges 2008"]
[Site "Sitges ESP"]
[Date "2008.07.24"]
[Round "3.7"]
[White "Cruz, Cristhian"]
[Black "Hernandez, Ivan"]
[Result "1/2-1/2"]
[WhiteElo "2508"]
[BlackElo "2344"]
[PlyCount "103"]
[EventDate "2008.07.22"]
[EventType "swiss"]
[EventRounds "9"]
[EventCountry "ESP"]
[SourceTitle "Ajedrez en Madrid"]
[Source "lmi"]
[SourceDate "2008.07.23"]

1. d4 d5 2. c4 dxc4 3. Nf3 Nf6 4. e3 e6 5. Bxc4 c5 6. O-O a6 7. Qe2 b5 8. Bb3
Bb7 9. a4 Nbd7 10. Rd1 Qb8 11. e4 cxd4 12. axb5 axb5 13. Rxa8 Bxa8 14. Nxd4 Bd6
15. h3 O-O 16. Qxb5 Nc5 17. Qxb8 Rxb8 18. f3 Nxb3 19. Nxb3 Be5 20. Nd4 h5 21.
Nc3 h4 22. Nde2 Bc6 23. Rd2 Rc8 24. Rd3 Rb8 25. Nd4 Ba8 26. Kf2 Nh5 27. Nde2
Bc6 28. Ke1 Kf8 29. Kd1 Ke8 30. Kc2 f6 31. Be3 g5 32. Bc5 Bb7 33. b4 Ba6 34.
Rd1 Bc4 35. Nd4 Rc8 36. Ndb5 Nf4 37. Na7 Rd8 38. Rxd8+ Kxd8 39. b5 Kc7 40. b6+
Kb7 41. Nab5 Nxg2 42. Nd6+ Bxd6 43. Bxd6 Kxb6 44. Be7 Ne1+ 45. Kd2 Nxf3+ 46.
Ke3 Ng1 47. e5 fxe5 48. Bxg5 Nxh3 49. Bxh4 Nf4 50. Bg3 Nd5+ 51. Nxd5+ exd5 52.
Bxe5 1/2-1/2

[Event "34 Open Vila de Sitges 2008"]
[Site "Sitges ESP"]
[Date "2008.07.24"]
[Round "3.8"]
[White "Rios, Alejandro"]
[Black "Cuartas, Jaime Alexander"]
[Result "0-1"]
[WhiteElo "2340"]
[BlackElo "2495"]
[PlyCount "104"]
[EventDate "2008.07.22"]
[EventType "swiss"]
[EventRounds "9"]
[EventCountry "ESP"]
[SourceTitle "Ajedrez en Madrid"]
[Source "lmi"]
[SourceDate "2008.07.23"]

1. e4 c6 2. d4 d5 3. Nc3 dxe4 4. Nxe4 Nd7 5. Nf3 Ngf6 6. Nxf6+ Nxf6 7. Be2 Bg4
8. h3 Bxf3 9. Bxf3 e6 10. O-O Bd6 11. c4 O-O 12. Qb3 Rb8 13. Be3 Bc7 14. Qa3
Qd6 15. Qxd6 Bxd6 16. Rfd1 a6 17. Rd2 Rfd8 18. Rad1 h6 19. Kf1 Rd7 20. Rd3 Rbd8
21. Ke2 g5 22. g4 Kg7 23. h4 Kg6 24. hxg5 hxg5 25. a3 Bf4 26. b4 Rh8 27. Rg1
Bxe3 28. Kxe3 Rh3 29. Ke2 Rh4 30. a4 Kg7 31. a5 Rh8 32. Rgd1 Rhd8 33. Ke3 Re7
34. Kd2 Rh8 35. Re3 Rd7 36. Rd3 Rh3 37. Ke2 Rh4 38. Rg1 Ne8 39. Rc1 Kf6 40. Ke3
Ke7 41. d5 cxd5 42. cxd5 e5 43. Be4 Rxg4 44. Bf5 Rxb4 45. Bxd7 Kxd7 46. Rg1 g4
47. d6 Nxd6 48. Rh1 Ke7 49. Rh5 Re4+ 50. Kd2 Nc4+ 51. Kc3 Nxa5 52. Rh6 Nc6 0-1

[Event "34 Open Vila de Sitges 2008"]
[Site "Sitges ESP"]
[Date "2008.07.24"]
[Round "3.9"]
[White "Pakleza, Zbigniew"]
[Black "Hoeksema, Hendrik Pieter"]
[Result "1-0"]
[WhiteElo "2495"]
[BlackElo "2335"]
[PlyCount "49"]
[EventDate "2008.07.22"]
[EventType "swiss"]
[EventRounds "9"]
[EventCountry "ESP"]
[SourceTitle "Ajedrez en Madrid"]
[Source "lmi"]
[SourceDate "2008.07.23"]

1. d4 Nf6 2. Nf3 e6 3. Bf4 b6 4. e3 Bb7 5. h3 Be7 6. Be2 O-O 7. O-O c5 8. c3
Nc6 9. Nbd2 d5 10. Ne5 Nxe5 11. Bxe5 Bd6 12. f4 Ne8 13. Bd3 f6 14. Qg4 Qe7 15.
Nf3 Bxe5 16. fxe5 f5 17. Qf4 Nc7 18. Rf2 a5 19. g4 Ba6 20. Bc2 b5 21. Kh2 Kh8
22. Rg1 b4 23. Rfg2 g6 24. gxf5 exf5 25. Qh6 1-0

[Event "34 Open Vila de Sitges 2008"]
[Site "Sitges ESP"]
[Date "2008.07.25"]
[Round "4.1"]
[White "Antal, Gergely"]
[Black "Jankovic, Alojzije"]
[Result "1/2-1/2"]
[WhiteElo "2459"]
[BlackElo "2532"]
[PlyCount "26"]
[EventDate "2008.07.22"]
[EventType "swiss"]
[EventRounds "9"]
[EventCountry "ESP"]
[SourceTitle "Ajedrez en Madrid"]
[Source "lmi"]
[SourceDate "2008.07.23"]

1. e4 c5 2. Nf3 Nc6 3. d4 cxd4 4. Nxd4 Nf6 5. Nc3 d6 6. Bc4 Qb6 7. Nxc6 bxc6 8.
O-O g6 9. Qe1 Qc7 10. Bf4 Nd7 11. Qd2 Bg7 12. Bh6 O-O 13. Bxg7 Kxg7 1/2-1/2

[Event "34 Open Vila de Sitges 2008"]
[Site "Sitges ESP"]
[Date "2008.07.25"]
[Round "4.3"]
[White "Cuartas, Jaime Alexander"]
[Black "Karlsson, Lars"]
[Result "1/2-1/2"]
[WhiteElo "2495"]
[BlackElo "2476"]
[PlyCount "136"]
[EventDate "2008.07.22"]
[EventType "swiss"]
[EventRounds "9"]
[EventCountry "ESP"]
[SourceTitle "Ajedrez en Madrid"]
[Source "lmi"]
[SourceDate "2008.07.23"]

1. e4 e6 2. d4 d5 3. Nc3 Nf6 4. Bg5 Be7 5. e5 Ne4 6. Bxe7 Qxe7 7. Nxe4 dxe4 8.
Qd2 c5 9. O-O-O O-O 10. Qe3 b6 11. Ne2 Bb7 12. dxc5 Nd7 13. c6 Bxc6 14. f4 exf3
15. gxf3 Qc5 16. Nd4 Qxe5 17. Qd2 Bd5 18. Rg1 Qf6 19. c4 Rac8 20. Kb1 Bxc4 21.
Bxc4 Rxc4 22. Nxe6 Qf5+ 23. Qd3 Qxe6 24. Qxd7 Rf4 25. Rg3 Qxd7 26. Rxd7 a5 27.
Rd6 Rb8 28. Kc2 g6 29. Kd3 Kg7 30. Ke3 Rb4 31. Rd2 Re8+ 32. Kf2 Re5 33. Rg4
Reb5 34. b3 Rxg4 35. fxg4 h5 36. h3 hxg4 37. hxg4 Rb4 38. Kg3 b5 39. g5 a4 40.
bxa4 bxa4 41. Rf2 Rc4 42. Rf3 Re4 43. Rc3 Kf8 44. Rf3 Kg7 45. Rf2 Re3+ 46. Kf4
Rc3 47. Kg4 a3 48. Kh4 Kf8 49. Re2 Kg7 50. Rf2 Re3 51. Kg4 Kf8 52. Kf4 Rc3 53.
Kg4 Ke7 54. Re2+ Kd6 55. Rf2 Ke5 56. Re2+ Kd4 57. Rf2 Re3 58. Rxf7 Re2 59. Rf6
Rxa2 60. Rxg6 Ra1 61. Ra6 a2 62. g6 Rg1+ 63. Kf5 a1=Q 64. Rxa1 Rxa1 65. g7 Rg1
66. Kf6 Kd5 67. Kf7 Rf1+ 68. Ke7 Re1+ 1/2-1/2

[Event "34 Open Vila de Sitges 2008"]
[Site "Sitges ESP"]
[Date "2008.07.25"]
[Round "4.4"]
[White "Konguvel, Ponnuswamy"]
[Black "Pakleza, Zbigniew"]
[Result "1/2-1/2"]
[WhiteElo "2415"]
[BlackElo "2495"]
[PlyCount "40"]
[EventDate "2008.07.22"]
[EventType "swiss"]
[EventRounds "9"]
[EventCountry "ESP"]
[SourceTitle "Ajedrez en Madrid"]
[Source "lmi"]
[SourceDate "2008.07.23"]

1. e4 e5 2. Nf3 Nc6 3. Bb5 a6 4. Ba4 Nf6 5. O-O Be7 6. Re1 b5 7. Bb3 d6 8. c3
O-O 9. h3 Rb8 10. d4 exd4 11. cxd4 d5 12. e5 Ne4 13. Nc3 Nxc3 14. bxc3 Bf5 15.
Nh2 Na5 16. Bc2 Bxc2 17. Qxc2 Nc4 18. Ng4 c5 19. Be3 Rc8 20. dxc5 Qd7 1/2-1/2

[Event "34 Open Vila de Sitges 2008"]
[Site "Sitges ESP"]
[Date "2008.07.25"]
[Round "4.5"]
[White "Jovanic, Ognjen"]
[Black "Lasinskas, Povilas"]
[Result "1-0"]
[WhiteElo "2493"]
[BlackElo "2269"]
[PlyCount "70"]
[EventDate "2008.07.22"]
[EventType "swiss"]
[EventRounds "9"]
[EventCountry "ESP"]
[SourceTitle "Ajedrez en Madrid"]
[Source "lmi"]
[SourceDate "2008.07.23"]

1. d4 Nf6 2. c4 e6 3. Nf3 Bb4+ 4. Nbd2 a5 5. Qc2 b6 6. e4 d6 7. a3 Bxd2+ 8.
Bxd2 Bb7 9. Bd3 Nbd7 10. O-O e5 11. Rfe1 Qe7 12. d5 a4 13. Nh4 g6 14. g3 Nc5
15. Bc3 O-O 16. Bf1 Bc8 17. f3 Bd7 18. Rad1 Nh5 19. Qd2 Ng7 20. f4 f6 21. Ng2
Rae8 22. Qc2 Qd8 23. Rd2 Re7 24. Rf2 Qc8 25. Bd3 Nh5 26. Ref1 Ref7 27. f5 g5
28. Be2 Ng7 29. h4 h6 30. Ne3 Kh7 31. Rh2 Kg8 32. Ng4 h5 33. Nh6+ Kh7 34. hxg5
fxg5 35. Nxf7 Qd8 1-0

[Event "34 Open Vila de Sitges 2008"]
[Site "Sitges ESP"]
[Date "2008.07.25"]
[Round "4.6"]
[White "Erdos, Viktor"]
[Black "Schneider, Stefan"]
[Result "1-0"]
[WhiteElo "2576"]
[BlackElo "2371"]
[PlyCount "155"]
[EventDate "2008.07.22"]
[EventType "swiss"]
[EventRounds "9"]
[EventCountry "ESP"]
[SourceTitle "Ajedrez en Madrid"]
[Source "lmi"]
[SourceDate "2008.07.23"]

1. d4 d5 2. c4 c6 3. Nf3 Nf6 4. Nc3 a6 5. a4 e6 6. Bg5 Nbd7 7. e3 Qa5 8. cxd5
exd5 9. Bd3 Ne4 10. O-O Ndf6 11. Bh4 Bb4 12. Qc2 Nxc3 13. bxc3 Bxc3 14. Rab1
Bb4 15. Bxf6 gxf6 16. Bf5 Be6 17. Nh4 Rb8 18. e4 Bd6 19. Rfe1 Kf8 20. Qc1 Kg7
21. e5 Be7 22. Qf4 Qd8 23. Rb3 fxe5 24. Rg3+ Kf8 25. Qh6+ Ke8 26. Bxe6 Bxh4 27.
Bxf7+ Kd7 28. dxe5 Kc7 29. Rg7 Kb6 30. g3 Be7 31. Qe6 Bc5 32. Bh5 Rf8 33. Rb1+
Ka5 34. Bf7 Bb4 35. Qg4 Qb6 36. e6 Qc5 37. Rg5 b5 38. axb5 axb5 39. Rf5 Bc3 40.
Qe2 Rb7 41. Rc1 b4 42. Rf3 Kb6 43. Rb1 d4 44. Qe4 Qd5 45. Qd3 Qb5 46. Qxh7 b3
47. Qh6 Qb4 48. Rxb3 Qxb3 49. Qxf8 Qb1+ 50. Kg2 Qe4 51. Qd6 Kb5 52. Be8 Rh7 53.
e7 Kb6 54. Bxc6 Qxe7 55. Qd5 Qc5 56. Qxc5+ Kxc5 57. Be4 Rh6 58. Bd3 Kb4 59. h4
Bd2 60. Kh3 Bg5 61. Bf5 Bd8 62. Kg4 Rh8 63. h5 Kc4 64. Be6+ Kc5 65. Bf7 Kd6 66.
Rf5 Bb6 67. Rf6+ Kc5 68. Bg6 Bd8 69. Rf7 Kc4 70. f4 Kc3 71. Rd7 Bb6 72. Kf3 Kc4
73. g4 Kc5 74. g5 Kc6 75. Rf7 Bd8 76. h6 Kd5 77. Bf5 Kc6 78. g6 1-0

[Event "34 Open Vila de Sitges 2008"]
[Site "Sitges ESP"]
[Date "2008.07.25"]
[Round "4.7"]
[White "Sermier, Guillaume"]
[Black "Moskalenko, Viktor"]
[Result "0-1"]
[WhiteElo "2366"]
[BlackElo "2569"]
[PlyCount "72"]
[EventDate "2008.07.22"]
[EventType "swiss"]
[EventRounds "9"]
[EventCountry "ESP"]
[SourceTitle "Ajedrez en Madrid"]
[Source "lmi"]
[SourceDate "2008.07.23"]

1. e4 e6 2. d4 d5 3. Nc3 Bb4 4. e5 b6 5. Qg4 Bf8 6. f4 Qd7 7. Qf3 Ne7 8. g4 h5
9. h3 Bb7 10. Be3 Nbc6 11. Nge2 O-O-O 12. Ng3 h4 13. Nh5 Ng8 14. O-O-O g6 15.
Nf6 Nxf6 16. exf6 Na5 17. f5 exf5 18. gxf5 Qxf5 19. Qxf5+ gxf5 20. Bd3 Nc4 21.
Bxf5+ Kb8 22. Bf4 Bh6 23. Bxh6 Rxh6 24. Bd3 a6 25. Rdf1 Nd6 26. Rhg1 Re8 27.
Rg5 Re3 28. Nxd5 Rxh3 29. Rg8+ Ka7 30. Nxc7 Rg3 31. Rd8 h3 32. Rxd6 h2 33. Re6
h1=Q 34. Rxh1 Rxh1+ 35. Kd2 fxe6 36. f7 Rf3 0-1

[Event "34 Open Vila de Sitges 2008"]
[Site "Sitges ESP"]
[Date "2008.07.25"]
[Round "4.9"]
[White "Jerez Perez, Alfonso"]
[Black "Czakon, Jakub"]
[Result "0-1"]
[WhiteElo "2410"]
[BlackElo "2510"]
[PlyCount "66"]
[EventDate "2008.07.22"]
[EventType "swiss"]
[EventRounds "9"]
[EventCountry "ESP"]
[SourceTitle "Ajedrez en Madrid"]
[Source "lmi"]
[SourceDate "2008.07.23"]

1. e4 c5 2. Nf3 d6 3. d4 cxd4 4. Nxd4 Nf6 5. Nc3 a6 6. Bg5 e6 7. f4 Nbd7 8. Qf3
Qc7 9. O-O-O b5 10. Bd3 Bb7 11. Rhe1 Qb6 12. Nd5 Qxd4 13. Bxf6 gxf6 14. Bxb5
Qc5 15. b4 Qxb5 16. Nc7+ Ke7 17. Nxb5 axb5 18. Qd3 Ra6 19. Qxb5 Rb6 20. Qd3 Bh6
21. g3 e5 22. Rf1 Ba6 23. Qd2 Bxf1 24. Rxf1 Rc8 25. a3 exf4 26. gxf4 Ne5 27.
Qd4 Ra6 28. Kd1 Rxa3 29. fxe5 dxe5 30. Qb6 Ra1+ 31. Ke2 Rxc2+ 32. Kd3 Rd2+ 33.
Kc4 Rxf1 0-1

[Event "34 Open Vila de Sitges 2008"]
[Site "Sitges ESP"]
[Date "2008.07.25"]
[Round "4.10"]
[White "Hernandez, Ivan"]
[Black "Papp, Gabor"]
[Result "0-1"]
[WhiteElo "2344"]
[BlackElo "2509"]
[PlyCount "74"]
[EventDate "2008.07.22"]
[EventType "swiss"]
[EventRounds "9"]
[EventCountry "ESP"]
[SourceTitle "Ajedrez en Madrid"]
[Source "lmi"]
[SourceDate "2008.07.23"]

1. Nf3 Nf6 2. c4 e6 3. g3 d5 4. Bg2 Be7 5. O-O O-O 6. d4 c6 7. b3 Nbd7 8. Bb2
b6 9. Nc3 Ba6 10. a4 Rc8 11. Nd2 Bb4 12. e4 c5 13. exd5 Bxc3 14. Bxc3 exd5 15.
a5 cxd4 16. Bxd4 bxa5 17. Re1 dxc4 18. Nxc4 Bxc4 19. bxc4 Rxc4 20. Bxa7 Qc7 21.
Be3 Rd8 22. Qe2 Rc8 23. Bf4 Qc5 24. Bb7 Re8 25. Be3 Qc7 26. Ba6 Rc2 27. Qb5 Ne5
28. Bf4 Nf3+ 29. Kf1 Rxe1+ 30. Rxe1 Qd8 31. Rb1 Ng4 32. Kg2 Rxf2+ 33. Kh3 h5
34. Qxh5 Rxh2+ 35. Kxg4 Rxh5 36. Kxh5 Qd7 37. Rb8+ Kh7 0-1

[Event "34 Open Vila de Sitges 2008"]
[Site "Sitges ESP"]
[Date "2008.07.26"]
[Round "5.1"]
[White "Moskalenko, Viktor"]
[Black "Jovanic, Ognjen"]
[Result "1/2-1/2"]
[WhiteElo "2569"]
[BlackElo "2493"]
[PlyCount "31"]
[EventDate "2008.07.22"]
[EventType "swiss"]
[EventRounds "9"]
[EventCountry "ESP"]
[SourceTitle "Ajedrez en Madrid"]
[Source "lmi"]
[SourceDate "2008.07.23"]

1. d4 d5 2. c4 c6 3. Nf3 Nf6 4. Nc3 dxc4 5. a4 e6 6. e3 c5 7. Bxc4 Nc6 8. O-O
Be7 9. Qe2 cxd4 10. exd4 O-O 11. Rd1 Nd5 12. Ne5 Nxc3 13. bxc3 Nxe5 14. Qxe5
Bd7 15. d5 Bf6 16. Qe2 1/2-1/2

[Event "34 Open Vila de Sitges 2008"]
[Site "Sitges ESP"]
[Date "2008.07.26"]
[Round "5.2"]
[White "Pakleza, Zbigniew"]
[Black "Erdos, Viktor"]
[Result "1/2-1/2"]
[WhiteElo "2495"]
[BlackElo "2576"]
[PlyCount "38"]
[EventDate "2008.07.22"]
[EventType "swiss"]
[EventRounds "9"]
[EventCountry "ESP"]
[SourceTitle "Ajedrez en Madrid"]
[Source "lmi"]
[SourceDate "2008.07.23"]

1. d4 Nf6 2. Nf3 d5 3. Bf4 c5 4. e3 Nc6 5. c3 cxd4 6. cxd4 Bf5 7. Nc3 e6 8. Qb3
Bb4 9. Bb5 O-O 10. Bxc6 Bxc3+ 11. bxc3 bxc6 12. O-O Ne4 13. h3 f6 14. Rfc1 Qe8
15. Qd1 Rd8 16. Nh4 Bg6 17. Nxg6 hxg6 18. Bh2 Rf7 19. Qd3 e5 1/2-1/2

[Event "34 Open Vila de Sitges 2008"]
[Site "Sitges ESP"]
[Date "2008.07.26"]
[Round "5.3"]
[White "Barsov, Alexei"]
[Black "Movsziszian, Karen"]
[Result "0-1"]
[WhiteElo "2481"]
[BlackElo "2560"]
[PlyCount "116"]
[EventDate "2008.07.22"]
[EventType "swiss"]
[EventRounds "9"]
[EventCountry "ESP"]
[SourceTitle "Ajedrez en Madrid"]
[Source "lmi"]
[SourceDate "2008.07.23"]

1. d4 Nf6 2. Nf3 g6 3. c4 Bg7 4. g3 O-O 5. Bg2 d6 6. O-O Nc6 7. Nc3 a6 8. d5
Na5 9. b3 c5 10. dxc6 Nxc6 11. Bb2 Rb8 12. Qc1 Qa5 13. Rd1 Be6 14. Ng5 Bh6 15.
h4 Ne5 16. Qd2 Rfe8 17. c5 dxc5 18. Nce4 Qxd2 19. Nxd2 Neg4 20. Nxe6 fxe6 21.
Nc4 b5 22. Na5 Kf7 23. e3 Rec8 24. Rac1 Nd5 25. Bxd5 exd5 26. Rxd5 Nxe3 27.
Rdxc5 Rxc5 28. Rxc5 Rd8 29. Bc3 Rd1+ 30. Kh2 Nd5 31. Nc6 Nxc3 32. Rxc3 Rd2 33.
Rf3+ Ke6 34. a4 bxa4 35. bxa4 Ra2 36. a5 Kd6 37. Nd8 Bd2 38. Rd3+ Kc5 39. Ne6+
Kc4 40. Rd4+ Kc3 41. Rd7 Be3 42. Rxe7 h6 43. Kh3 Bxf2 44. Nf4 Rxa5 45. Nxg6 Rb5
46. Ne5 a5 47. Ng4 Bc5 48. Re4 Bd4 49. Re6 h5 50. Ne3 a4 51. Ra6 Kb3 52. Nc4
Bc3 53. Kg2 Rc5 54. Nd6 a3 55. Ne4 Ra5 56. Rb6+ Bb4 57. Nd2+ Ka4 58. Nc4 a2 0-1

[Event "34 Open Vila de Sitges 2008"]
[Site "Sitges ESP"]
[Date "2008.07.26"]
[Round "5.4"]
[White "Jankovic, Alojzije"]
[Black "Banusz, Tamas"]
[Result "0-1"]
[WhiteElo "2532"]
[BlackElo "2481"]
[PlyCount "83"]
[EventDate "2008.07.22"]
[EventType "swiss"]
[EventRounds "9"]
[EventCountry "ESP"]
[SourceTitle "Ajedrez en Madrid"]
[Source "lmi"]
[SourceDate "2008.07.23"]

1. d4 d5 2. c4 c6 3. Nf3 Nf6 4. Nc3 dxc4 5. a4 Bf5 6. Ne5 e6 7. f3 Bb4 8. e4
Bxe4 9. fxe4 Nxe4 10. Bd2 Qxd4 11. Nxe4 Qxe4+ 12. Qe2 Bxd2+ 13. Kxd2 Qd5+ 14.
Kc2 Na6 15. Nxc4 O-O 16. Qe5 Rab8 17. a5 f6 18. Qxd5 cxd5 19. Ne3 Rfc8+ 20. Kb1
Nc5 21. Ra3 Ne4 22. Be2 f5 23. Rd1 Kf7 24. Nc2 Rc5 25. Nd4 Kf6 26. Nb5 a6 27.
Nd4 Rd8 28. Rb3 Rc7 29. g4 g6 30. Rb6 Rd6 31. Bd3 Rd8 32. Rb3 Rcd7 33. Rc1 Rd6
34. gxf5 gxf5 35. Rc7 Rb6 36. Rxh7 Ke5 37. Ne2 Nc5 38. Bc2 Rb4 39. Kc1 Rg4 40.
Kd2 Rg2 41. h3 b6 42. Rc7 0-1

[Event "34 Open Vila de Sitges 2008"]
[Site "Sitges ESP"]
[Date "2008.07.26"]
[Round "5.5"]
[White "Karlsson, Lars"]
[Black "Grigore, George-gabriel"]
[Result "1/2-1/2"]
[WhiteElo "2476"]
[BlackElo "2517"]
[PlyCount "36"]
[EventDate "2008.07.22"]
[EventType "swiss"]
[EventRounds "9"]
[EventCountry "ESP"]
[SourceTitle "Ajedrez en Madrid"]
[Source "lmi"]
[SourceDate "2008.07.23"]

1. c4 g6 2. g3 Bg7 3. Bg2 Nf6 4. Nc3 O-O 5. e4 c5 6. Nge2 Nc6 7. a3 a6 8. d3
Rb8 9. Rb1 b5 10. cxb5 axb5 11. b4 cxb4 12. axb4 e5 13. O-O d6 14. h3 Be6 15.
f4 exf4 16. gxf4 Ne7 17. Be3 Qd7 18. Kh2 Nh5 1/2-1/2

[Event "34 Open Vila de Sitges 2008"]
[Site "Sitges ESP"]
[Date "2008.07.26"]
[Round "5.6"]
[White "Czakon, Jakub"]
[Black "Antal, Gergely"]
[Result "1/2-1/2"]
[WhiteElo "2510"]
[BlackElo "2459"]
[PlyCount "94"]
[EventDate "2008.07.22"]
[EventType "swiss"]
[EventRounds "9"]
[EventCountry "ESP"]
[SourceTitle "Ajedrez en Madrid"]
[Source "lmi"]
[SourceDate "2008.07.23"]

1. d4 Nf6 2. c4 g6 3. Nc3 d5 4. cxd5 Nxd5 5. Bd2 Bg7 6. e4 Nb6 7. Be3 O-O 8.
Bb5 Nc6 9. Nge2 a6 10. Bxc6 bxc6 11. b3 a5 12. a4 f5 13. exf5 Bxf5 14. O-O Rb8
15. Rc1 Nd5 16. Nxd5 Qxd5 17. Rc3 e5 18. Rc5 Qd6 19. d5 cxd5 20. Rxd5 Qa6 21.
Nc1 Be6 22. Rc5 Rf7 23. Qc2 Bf5 24. Qc3 Qd6 25. Qxa5 Be4 26. Qc3 c6 27. b4 Qe6
28. h3 Bd5 29. Ra5 Qf5 30. Bd2 Qe4 31. Qg3 Rbf8 32. Bc3 Qc2 33. Rc5 Qe4 34. Nd3
Re8 35. Bxe5 Rfe7 36. Bxg7 Kxg7 37. b5 Qd4 38. bxc6 Bc4 39. Rxc4 Qxc4 40. Rc1
Qd5 41. c7 Rc8 42. Nf4 Qe5 43. Qg4 Rcxc7 44. Rxc7 Qxc7 45. Ne6+ Rxe6 46. Qxe6
Qc1+ 47. Kh2 Qf4+ 1/2-1/2

[Event "34 Open Vila de Sitges 2008"]
[Site "Sitges ESP"]
[Date "2008.07.26"]
[Round "5.7"]
[White "Papp, Gabor"]
[Black "Gonzalez Rodriguez, Jorge A"]
[Result "1-0"]
[WhiteElo "2509"]
[BlackElo "2421"]
[PlyCount "79"]
[EventDate "2008.07.22"]
[EventType "swiss"]
[EventRounds "9"]
[EventCountry "ESP"]
[SourceTitle "Ajedrez en Madrid"]
[Source "lmi"]
[SourceDate "2008.07.23"]

1. e4 e6 2. d4 d5 3. Nd2 c5 4. Ngf3 Nc6 5. exd5 exd5 6. Bb5 cxd4 7. O-O Bc5 8.
Nb3 Bb6 9. Nbxd4 Nge7 10. c3 O-O 11. Be3 Bg4 12. Qd2 a6 13. Bd3 Bh5 14. Rfe1
Re8 15. Bg5 Nxd4 16. Nxd4 Bxd4 17. cxd4 f6 18. Bf4 Qd7 19. Rac1 Rac8 20. Rc5
Bg6 21. Bf1 Bf7 22. Rec1 Rxc5 23. dxc5 Nc6 24. Bd6 Re4 25. Bd3 Rd4 26. Qc2 g6
27. a3 Kg7 28. Re1 Be6 29. Qe2 Bf7 30. f4 Be6 31. b4 Bg4 32. Qe3 Bf5 33. Bxf5
gxf5 34. Qg3+ Kh8 35. Rb1 Qe6 36. h3 Re4 37. Qh4 Nd4 38. Qh6 Nf3+ 39. gxf3 Re1+
40. Kh2 1-0

[Event "34 Open Vila de Sitges 2008"]
[Site "Sitges ESP"]
[Date "2008.07.26"]
[Round "5.9"]
[White "Sundararajan, Kidambi"]
[Black "Cuartas, Jaime Alexander"]
[Result "1/2-1/2"]
[WhiteElo "2446"]
[BlackElo "2495"]
[PlyCount "81"]
[EventDate "2008.07.22"]
[EventType "swiss"]
[EventRounds "9"]
[EventCountry "ESP"]
[SourceTitle "Ajedrez en Madrid"]
[Source "lmi"]
[SourceDate "2008.07.23"]

1. d4 d5 2. c4 c6 3. Nf3 Nf6 4. Nc3 e6 5. Bg5 Nbd7 6. cxd5 exd5 7. e3 Be7 8.
Qc2 O-O 9. Bd3 Re8 10. O-O Nf8 11. h3 Be6 12. Ne5 N6d7 13. Bxe7 Qxe7 14. f4 f6
15. Nf3 Nb6 16. Rae1 Rad8 17. Qf2 Qc7 18. g4 Re7 19. Kh1 Rde8 20. Rg1 Kh8 21.
g5 f5 22. Ne5 Nc8 23. g6 h6 24. Qh4 Nd6 25. Rg5 Kg8 26. Reg1 Bc8 27. Nf7 Rxe3
28. Rh5 Nxf7 29. gxf7+ Kxf7 30. Bxf5 Bxf5 31. Rxf5+ Kg8 32. Qxh6 Re1 33. Qh4
Rxg1+ 34. Kxg1 Qe7 35. Qxe7 Rxe7 36. Kf2 Ng6 37. b4 Re8 38. b5 Re7 39. a4 Re8
40. a5 cxb5 41. Nxb5 1/2-1/2

[Event "34 Open Vila de Sitges 2008"]
[Site "Sitges ESP"]
[Date "2008.07.26"]
[Round "5.10"]
[White "Cruz, Filemon"]
[Black "Muã<->oz Pantoja, Miguel"]
[Result "1/2-1/2"]
[WhiteElo "2416"]
[BlackElo "2499"]
[PlyCount "105"]
[EventDate "2008.07.22"]
[EventType "swiss"]
[EventRounds "9"]
[EventCountry "ESP"]
[SourceTitle "Ajedrez en Madrid"]
[Source "lmi"]
[SourceDate "2008.07.23"]

1. d4 Nf6 2. c4 c5 3. d5 g6 4. Nc3 Bg7 5. e4 d6 6. Be2 O-O 7. Nf3 e6 8. O-O
exd5 9. cxd5 a6 10. a4 Bg4 11. Bf4 Re8 12. Qc2 Qe7 13. Rfe1 Nbd7 14. h3 Bxf3
15. Bxf3 c4 16. Be2 Rac8 17. Bf1 Nh5 18. Be3 Nc5 19. g4 Nf6 20. f3 Nb3 21. Rad1
Qc7 22. Kh1 h5 23. Qf2 hxg4 24. hxg4 Nd7 25. Qg3 Qd8 26. Re2 Be5 27. f4 Bxc3
28. bxc3 Rxe4 29. Bg2 Qe7 30. Bxe4 Qxe4+ 31. Qg2 Re8 32. Qxe4 Rxe4 33. Kg2 Nb6
34. Kf3 Nxa4 35. Rh1 Nxc3 36. Reh2 Rxe3+ 37. Kxe3 Nxd5+ 38. Kf3 Kf8 39. Rd1 Nb4
40. Rxd6 c3 41. Rd8+ Ke7 42. Rhh8 Nd2+ 43. Ke2 Nc4 44. Rhe8+ Kf6 45. Rd4 b5 46.
Rxc4 bxc4 47. Rc8 c2 48. Rxc4 a5 49. Kd2 Ke6 50. Rc5 Kd6 51. Rxa5 Nd3 52. Kxc2
Nxf4 53. Kd2 1/2-1/2

[Event "34 Open Vila de Sitges 2008"]
[Site "Sitges ESP"]
[Date "2008.07.27"]
[Round "6.3"]
[White "Erdos, Viktor"]
[Black "Sundararajan, Kidambi"]
[Result "1/2-1/2"]
[WhiteElo "2576"]
[BlackElo "2446"]
[PlyCount "38"]
[EventDate "2008.07.22"]
[EventType "swiss"]
[EventRounds "9"]
[EventCountry "ESP"]
[SourceTitle "Ajedrez en Madrid"]
[Source "lmi"]
[SourceDate "2008.07.23"]

1. d4 d5 2. c4 c6 3. Nc3 Nf6 4. cxd5 cxd5 5. Bf4 Nc6 6. Nf3 a6 7. Rc1 Bf5 8. e3
Rc8 9. Ne5 Nxe5 10. Bxe5 Nd7 11. Be2 e6 12. O-O Nxe5 13. dxe5 Be7 14. Qb3 O-O
15. Rfd1 b5 16. a4 bxa4 17. Qxa4 Qb6 18. Qa2 a5 19. Nb5 Bc2 1/2-1/2